Geography Quiz

Random Geography or State Quiz

States with Kroger Grocery Stores Quiz Stats

 Plays Quiz not verified by Sporcle

Also try: Erase Europe
Challenge
Share
Tweet
Embed
Score 0/17 Timer 03:00
0 Plays Today
State % Correct
Indiana
92.9%
Alabama
91.1%
Kentucky
91.1%
Ohio
91.1%
Illinois
89.3%
Michigan
89.3%
Georgia
87.5%
North Carolina
83.9%
Tennessee
82.1%
State % Correct
Texas
82.1%
Virginia
82.1%
Louisiana
80.4%
Missouri
80.4%
South Carolina
80.4%
Mississippi
78.6%
Arkansas
76.8%
West Virginia
75%

You're not logged in!

Compare scores with friends on all Sporcle quizzes.
OR
Log In

You Might Also Like...

Show Comments

Extras

Created Apr 19, 2017SourceReportNominate
Tags:State Quiz, grocery, store

Top Quizzes Today


Score Distribution

Your Account Isn't Verified!

In order to create a playlist on Sporcle, you need to verify the email address you used during registration. Go to your Sporcle Settings to finish the process.

Report this User

Report this user for behavior that violates our Community Guidelines.

Details: